000 01502nam0a2200397 4500
001 RU\NLR\bibl\745565
005 20250614004536.0
010 _a5-8211-0298-7
_9120
021 _aRU
_b2004-67573
_93332
035 _aRSL-KNO-002493330
035 _a(NLR Aleph) 000735404
090 _a788890
_c788890
100 _a20041101d2004 |||y0rusy50 ca
101 0 _arus
102 _aRU
105 _aa |||||||||
106 _ar
200 1 _aМодель борьбы за ренту с административными барьерами
_fА. Захаров
210 _aМ.
_cЦЭМИ РАН
_d2004
215 _a24 с.
_cил.
_d21
225 1 _aПрепринт
_fРос. акад. наук, Центр. экон.-мат. ин-т
_vWP/2004/172
300 _aДанные тит. л. частично парал. англ.
320 _aБиблиогр.: с. 22-24
320 _aБиблиогр.: с. 22-24 (27 назв.)
606 1 _aРента
_91115330
_3RU\NLR\auth\66441112
610 0 _aЭкономика -- Мировая экономика -- Рента -- Экономико-математические методы и модели -- Теория игр
686 _aУ50-92в611.5,0
_2rubbk
686 _aУ010.062
686 _aУ9(2)-92(2Р)
700 1 _aЗахаров
_bА.
_gАлексей
_4070
801 0 _aRU
_bRuMoRKP
_c20041101
_grcr
801 1 _aRU
_bRuMoRGB
_c20041101
801 2 _aRU
_bNLR
_c20050407
_gPSBO
942 _cBOOK
980 _aNB